000 00370nam a2200145Ia 4500
008 100122s9999 xx 000 0 und d
082 _b48591
_a375
100 _aTONDON KUMKUM
245 _aCARRIER PLANNER AFTER 10+2
260 _bU.S.TONDON
_c1994
300 _a307
630 _aCARRIER PLANNER AFTER 10+2
730 _aCARRIER PLANNER AFTER 10+2
942 _cBOOK
999 _c374637
_d374634